[Event "21st ch-EUR Indiv w 2021"]
[Site "Iasi ROU"]
[Date "2021.08.10"]
[Round "2.27"]
[White "Milliet, Sophie"]
[Black "Rozman, Monika"]
[Result "1/2-1/2"]
[WhiteTitle "IM"]
[BlackTitle "WFM"]
[WhiteElo "2403"]
[BlackElo "2122"]
[WhiteFideId "623725"]
[BlackFideId "14609118"]
[EventDate "2021.08.09"]

1. e4 e5 2. Nf3 Nc6 3. Bb5 a6 4. Ba4 Nf6 5. O-O Be7 6. Re1 b5 7. Bb3 d6 8. c3
O-O 9. h3 Nb8 10. d3 Nbd7 11. Nbd2 Bb7 12. Nf1 Nc5 13. Bc2 Re8 14. Ng3 Bf8 15.
Nh2 d5 16. Ng4 dxe4 17. dxe4 Nfxe4 18. Nh6+ gxh6 19. Qg4+ Ng5 20. h4 Nd3 21.
hxg5 Nxe1 22. gxh6+ Kh8 23. Bg5 Nxc2 24. Bxd8 Raxd8 25. Rc1 Ne3 26. fxe3 Bxh6
27. Re1 Rg8 28. Qf5 Rd2 29. Qxe5+ f6 30. Qxf6+ Bg7 31. Qf4 Rxg2+ 32. Kf1 Rxb2
33. e4 Bxc3 34. Qxc7 Bd4 35. Re2 Rb1+ 36. Re1 Bxe4 37. Rxb1 Bxb1 38. Qd6 Bc3 39.
Nh5 Bxa2 40. Nf6 Bc4+ 41. Kf2 Bxf6 42. Qxf6+ Rg7 43. Qxa6 Rf7+ 44. Kg3 Kg7 45.
Qd6 Rf1 1/2-1/2

[Event "21st ch-EUR Indiv w 2021"]
[Site "Iasi ROU"]
[Date "2021.08.10"]
[Round "2.28"]
[White "Socko, Monika"]
[Black "Novosadova, Kristyna"]
[Result "1-0"]
[WhiteTitle "GM"]
[BlackTitle "WIM"]
[WhiteElo "2393"]
[BlackElo "2138"]
[WhiteFideId "1106619"]
[BlackFideId "328065"]
[EventDate "2021.08.09"]

1. e4 e5 2. Nf3 Nc6 3. d4 exd4 4. Bc4 Nf6 5. e5 d5 6. Bb5 Ne4 7. Nxd4 Bd7 8.
Bxc6 bxc6 9. O-O Bc5 10. f3 Ng5 11. f4 Ne4 12. Be3 Bb6 13. Nd2 Nxd2 14. Qxd2 c5
15. Nf3 d4 16. Bf2 Bc6 17. Bh4 Qd5 18. f5 Kd7 19. Rac1 Kc8 20. c4 dxc3 21. Qxc3
Qxa2 22. Bf2 Kb7 23. Bxc5 Qa5 24. b4 Bxc5+ 25. Kh1 Qb5 26. bxc5 Qe2 27. Qb3+ Kc8
28. Rce1 Qb5 29. Qxf7 Bxf3 30. gxf3 Qd7 31. Qc4 Qc6 32. Qg4 a5 33. Rb1 Ra6 34.
f6+ Qe6 35. fxg7 Rg8 36. Qf4 Qe7 37. Qe4 c6 38. Qc4 1-0

[Event "21st ch-EUR Indiv w 2021"]
[Site "Iasi ROU"]
[Date "2021.08.10"]
[Round "2.29"]
[White "Salimova, Nurgyul"]
[Black "Koubova, Anna Marie"]
[Result "1-0"]
[WhiteTitle "IM"]
[WhiteElo "2382"]
[BlackElo "2073"]
[WhiteFideId "2915138"]
[BlackFideId "381470"]
[EventDate "2021.08.09"]

1. e4 e6 2. d4 d5 3. Nc3 dxe4 4. Nxe4 Nd7 5. Nf3 Ngf6 6. Bg5 h6 7. Bh4 Be7 8.
Nxf6+ Nxf6 9. Bd3 O-O 10. Qe2 Nd5 11. Bg3 Nb4 12. Bc4 c5 13. dxc5 Bxc5 14. Rd1
Qf6 15. c3 Nc6 16. O-O b6 17. Qe4 Bb7 18. Rd7 Na5 19. Rxb7 Nxb7 20. Qxb7 Qe7 21.
Qe4 Bd6 22. Bh4 g5 23. Bg3 Rae8 24. Bxd6 Qxd6 25. Bb3 Kg7 26. Nd4 Qf4 27. Qb7
Qb8 28. Qd7 Kh8 29. g3 a5 30. Nc6 Qc8 31. Qd4+ Kg8 32. Qxb6 1-0

[Event "21st ch-EUR Indiv w 2021"]
[Site "Iasi ROU"]
[Date "2021.08.10"]
[Round "2.30"]
[White "Katkov, Michelle"]
[Black "Brunello, Marina"]
[Result "0-1"]
[WhiteTitle "WFM"]
[BlackTitle "IM"]
[WhiteElo "2173"]
[BlackElo "2379"]
[WhiteFideId "2816393"]
[BlackFideId "822590"]
[EventDate "2021.08.09"]

1. e4 e5 2. Nf3 Nf6 3. d4 Nxe4 4. Bd3 d5 5. dxe5 Nc5 6. O-O Be7 7. Nc3 Nxd3 8.
Qxd3 c6 9. Nd4 O-O 10. Nf5 Na6 11. Nxe7+ Qxe7 12. Qg3 Bf5 13. Bg5 Qb4 14. h4 h5
15. Ne2 Qg4 16. Qxg4 hxg4 17. Nd4 Bg6 18. f4 gxf3 19. Rxf3 Rfe8 20. Re1 f6 21.
Bxf6 gxf6 22. Rxf6 Be4 23. Ne6 Re7 24. Re3 Kh8 25. Ng5 Rg7 26. e6 Nc7 27. Nxe4
dxe4 28. Rxe4 Re8 29. g4 Rge7 30. Rf7 Kg8 31. Kg2 Nxe6 32. Rxe7 Rxe7 33. Kg3 Kf7
34. g5 Rd7 35. g6+ Kf6 36. h5 Rd5 37. Kh4 Rd4 38. Rxd4 Nxd4 39. c3 Nf3+ 40. Kg3
Ne5 41. b4 Nc4 42. Kf4 Nd6 43. Ke3 Nf5+ 44. Kf4 Ne7 45. c4 Nf5 46. Ke4 Ng3+ 47.
Kd4 Nxh5 48. b5 cxb5 49. cxb5 b6 50. Kd5 Nf4+ 51. Kc6 Ne2 52. Kb7 Nc3 53. Kxa7
Na4 54. Kb7 Kxg6 55. Kc6 Kf5 56. Kd5 Kf4 57. Kd4 Kf3 58. Kc4 Ke3 59. Kb4 Nc5 60.
Kc4 Kd2 61. Kb4 Kc2 62. a4 Nb7 63. Kc4 Na5+ 64. Kb4 Kd3 0-1

[Event "21st ch-EUR Indiv w 2021"]
[Site "Iasi ROU"]
[Date "2021.08.10"]
[Round "2.31"]
[White "Petrenko, Svetlana"]
[Black "Kulon, Klaudia"]
[Result "1-0"]
[WhiteTitle "IM"]
[BlackTitle "IM"]
[WhiteElo "2018"]
[BlackElo "2363"]
[WhiteFideId "13900196"]
[BlackFideId "1131044"]
[EventDate "2021.08.09"]

1. d4 Nf6 2. Nf3 g6 3. g3 Bg7 4. Bg2 O-O 5. O-O d6 6. c4 Nbd7 7. b3 e5 8. e3 c6
9. Ba3 Ne8 10. Nc3 Rb8 11. dxe5 Nxe5 12. Nxe5 Bxe5 13. Bb2 Qa5 14. Qc1 Be6 15.
Ne4 h6 16. Bc3 Qc7 17. f4 Bxc3 18. Qxc3 f5 19. Nf2 Nf6 20. e4 Qb6 21. Kh1 d5 22.
exd5 cxd5 23. c5 Qa6 24. Qd4 Ne4 25. Nd3 Rbc8 26. Nb4 Qb5 27. Nxd5 Qxc5 28. Rad1
Qxd4 29. Rxd4 Rcd8 30. Bxe4 fxe4 31. Rfd1 Kf7 32. Kg1 Bg4 33. R1d2 Rfe8 34. Ne3
Rxd4 35. Rxd4 Bf3 36. Kf2 Ke6 37. Nc4 Rc8 38. a4 a6 39. Rd6+ Ke7 40. Rb6 Rc7 41.
Rxg6 b5 42. Rg7+ Kd8 43. Rxc7 Kxc7 44. axb5 axb5 45. Nd2 Bd1 46. Ke3 Bc2 47. b4
Kd6 48. g4 Kd5 49. h4 Bd1 50. Nxe4 Kc4 51. g5 hxg5 52. hxg5 Kxb4 53. f5 Ka3 54.
Nc3 Bc2 55. Nxb5+ Kb4 56. Nd4 Bb1 57. g6 Kc5 58. g7 Ba2 59. Ne6+ 1-0

[Event "21st ch-EUR Indiv w 2021"]
[Site "Iasi ROU"]
[Date "2021.08.10"]
[Round "2.32"]
[White "Belenkaya, Dina"]
[Black "Ilyuchyk, Yana"]
[Result "0-1"]
[WhiteTitle "WGM"]
[BlackTitle "WFM"]
[WhiteElo "2350"]
[BlackElo "2097"]
[WhiteFideId "24142654"]
[BlackFideId "13508407"]
[EventDate "2021.08.09"]

1. e4 c5 2. Nf3 Nc6 3. Bb5 g6 4. Bxc6 dxc6 5. d3 Bg7 6. O-O Nf6 7. Nc3 Nd7 8.
Be3 e5 9. Qd2 h6 10. h3 b6 11. Nh2 Nf8 12. f4 exf4 13. Bxf4 Ne6 14. Be3 Nd4 15.
Nd1 Qd6 16. c3 Be5 17. Nf3 Nxf3+ 18. Rxf3 Be6 19. Nf2 g5 20. d4 O-O-O 21. Rd1
cxd4 22. cxd4 Bg7 23. Qe2 Qb4 24. d5 cxd5 25. Qa6+ Kb8 26. Bxb6 axb6 27. Ra3 Qc5
28. Kh1 Qc6 29. Qa7+ Kc8 30. e5 Rd7 31. Qa6+ Qb7 32. Qb5 Bxe5 33. Nd3 Bd6 34.
Ra6 Bc7 35. Rc1 Rd6 36. Qa4 Kb8 37. Rxc7 Kxc7 38. Ra7 d4 39. Rxb7+ Kxb7 40. Qb4
Rhd8 41. a4 Rd5 42. Qe7+ R8d7 43. Qf6 h5 44. b4 Rf5 45. Qh6 g4 46. hxg4 hxg4 47.
Kh2 Rc7 48. Qh8 Rd5 49. Qg7 Rc3 50. Qh7 Rf5 51. Qh4 Rxd3 52. Qe7+ Kc6 53. b5+
Kd5 54. g3 Rf2+ 55. Kg1 Rc2 56. Qb7+ Kc4 57. Qc6+ Kb3 0-1

[Event "21st ch-EUR Indiv w 2021"]
[Site "Iasi ROU"]
[Date "2021.08.10"]
[Round "2.33"]
[White "Charochkina, Daria"]
[Black "Levitan, Ronit"]
[Result "1-0"]
[WhiteTitle "IM"]
[BlackTitle "WCM"]
[WhiteElo "2340"]
[BlackElo "2012"]
[WhiteFideId "4180917"]
[BlackFideId "2815109"]
[EventDate "2021.08.09"]

1. e4 e5 2. d4 exd4 3. Qxd4 Nc6 4. Qc4 Nf6 5. Nc3 Bb4 6. Bd2 d6 7. O-O-O Be6 8.
Qb5 Qc8 9. Qg5 Rg8 10. f3 Qd7 11. Nge2 O-O-O 12. Nf4 Ne5 13. a3 Bc5 14. Bb5 c6
15. Nxe6 Qxe6 16. Ba4 h6 17. Qg3 Qc4 18. Bb3 Qa6 19. Kb1 Nc4 20. Bf4 Nd7 21.
Bxc4 Qxc4 22. Bxd6 Bd4 23. Rd3 Nc5 24. Qg4+ Ne6 25. e5 Rd7 26. Ne2 h5 27. Qe4 c5
28. Nxd4 cxd4 29. Rc3 1-0

[Event "21st ch-EUR Indiv w 2021"]
[Site "Iasi ROU"]
[Date "2021.08.10"]
[Round "2.34"]
[White "Nastase, Andreea-Cristina"]
[Black "Cosma, Elena-Luminita"]
[Result "1-0"]
[WhiteTitle "WFM"]
[BlackTitle "WGM"]
[WhiteElo "2074"]
[BlackElo "2311"]
[WhiteFideId "1221183"]
[BlackFideId "1201590"]
[EventDate "2021.08.09"]

1. d4 d5 2. c4 e6 3. Nc3 Nf6 4. cxd5 exd5 5. Bg5 Be7 6. e3 c6 7. Bd3 Nbd7 8. Qc2
Nh5 9. Bxe7 Qxe7 10. O-O-O Nb6 11. Kb1 g6 12. Nge2 Ng7 13. Rhe1 Bf5 14. Bxf5
Nxf5 15. e4 dxe4 16. d5 cxd5 17. Nf4 Qc5 18. Nfxd5 O-O-O 19. Nxb6+ axb6 20. Nxe4
Qxc2+ 21. Kxc2 h5 22. Nf6 Nd4+ 23. Kc3 Nc6 24. Nd5 b5 25. Rd3 Rd6 26. Ne7+ Kd7
27. Nd5 Kc8 28. Nb6+ Kc7 29. Rxd6 Kxd6 30. Rd1+ Ke6 31. Nd7 Rc8 32. Nc5+ Kf6 33.
Kb3 Na5+ 34. Kb4 Nc4 35. b3 Ne5 36. Kxb5 Kg7 37. Rd2 Ng4 38. h3 Nf6 39. f3 Rc7
40. b4 h4 41. Kb6 Re7 42. Nxb7 Re1 43. Nc5 Rb1 44. b5 1-0

[Event "21st ch-EUR Indiv w 2021"]
[Site "Iasi ROU"]
[Date "2021.08.10"]
[Round "2.35"]
[White "Mamedjarova, Turkan"]
[Black "Trifoi, Mihaela-Ioana"]
[Result "1-0"]
[WhiteTitle "WGM"]
[WhiteElo "2309"]
[BlackElo "1807"]
[WhiteFideId "13402005"]
[BlackFideId "1246364"]
[EventDate "2021.08.09"]

1. d4 d5 2. c4 e6 3. Nc3 Nf6 4. Nf3 Be7 5. e3 O-O 6. Qc2 c5 7. a3 b6 8. Bd3 Bb7
9. cxd5 exd5 10. O-O Nc6 11. Rd1 cxd4 12. exd4 h6 13. Bf4 Rc8 14. Bf5 Ra8 15.
Nb5 a6 16. Bc7 Qe8 17. Nd6 Bxd6 18. Bxd6 Ne7 19. Qc7 Nxf5 20. Bxf8 Qxf8 21. Qxb7
b5 22. Ne5 Nd6 23. Qc7 Qd8 24. Qxd8+ Rxd8 25. a4 Nc4 26. axb5 axb5 27. b3 Nd6
28. f3 Rb8 29. g4 b4 30. Ra4 Rb6 31. Rc1 1-0

[Event "21st ch-EUR Indiv w 2021"]
[Site "Iasi ROU"]
[Date "2021.08.10"]
[Round "2.36"]
[White "Pancu, Aureliana-Eugenia"]
[Black "Schulze, Lara"]
[Result "0-1"]
[BlackTitle "FM"]
[WhiteElo "1862"]
[BlackElo "2269"]
[WhiteFideId "1226355"]
[BlackFideId "12956830"]
[EventDate "2021.08.09"]

1. Nf3 Nf6 2. g3 d5 3. Bg2 c6 4. d3 Bg4 5. Nbd2 Nbd7 6. O-O e5 7. h3 Bh5 8. e4
Be7 9. Qe1 O-O 10. g4 Bg6 11. Nh4 Re8 12. Nxg6 hxg6 13. Qe2 Bf8 14. Re1 d4 15.
a4 a5 16. Nb3 Bb4 17. Bd2 Bxd2 18. Nxd2 Nc5 19. Rf1 Ne6 20. Nf3 Nf4 21. Qd2 Qd6
22. Rfd1 Nd7 23. Bf1 Nc5 24. g5 f6 25. Kh2 Kf7 26. b4 Nce6 27. gxf6 axb4 28.
fxg7 Kxg7 29. h4 Rh8 30. Bh3 Nxh3 31. Kxh3 Raf8 32. Kg3 Nf4 33. Rh1 Qe6 34. Ng5
Nh5+ 35. Kg2 Qg4+ 36. Kf1 Ng3+ 0-1

[Event "21st ch-EUR Indiv w 2021"]
[Site "Iasi ROU"]
[Date "2021.08.10"]
[Round "2.37"]
[White "Donghvani, Nia"]
[Black "Abdulla, Khayala"]
[Result "0-1"]
[BlackTitle "WGM"]
[WhiteElo "1902"]
[BlackElo "2264"]
[WhiteFideId "13614649"]
[BlackFideId "13401807"]
[EventDate "2021.08.09"]

1. e4 c5 2. Nf3 a6 3. c4 Nc6 4. d4 cxd4 5. Nxd4 e6 6. Nc3 Qc7 7. Nxc6 dxc6 8.
Be3 e5 9. Be2 Nf6 10. O-O Bb4 11. f3 Bxc3 12. bxc3 Be6 13. a4 O-O 14. g4 c5 15.
Qe1 Ne8 16. Qg3 f6 17. g5 fxg5 18. Bxg5 Nf6 19. Qh4 Kh8 20. Rab1 Qf7 21. Rb6
Rab8 22. Rf2 Rbe8 23. Bxf6 gxf6 24. Rg2 Rg8 25. Rg3 Rg6 26. Kf2 Reg8 27. Bf1 Qd7
28. Be2 R8g7 29. a5 Qf7 30. Rd6 Qg8 31. Rxg6 Rxg6 32. Ke3 Qf7 33. Rd8+ Kg7 34.
Qe1 f5 35. exf5 Qxf5 36. Kf2 Qf4 37. Rb8 Qxh2+ 38. Ke3 Qf4+ 39. Kf2 Qg3+ 0-1

[Event "21st ch-EUR Indiv w 2021"]
[Site "Iasi ROU"]
[Date "2021.08.10"]
[Round "2.38"]
[White "Havanecz, Bianka"]
[Black "Zelbova, Lada"]
[Result "1-0"]
[WhiteTitle "WIM"]
[WhiteElo "2257"]
[BlackElo "2070"]
[WhiteFideId "704814"]
[BlackFideId "23717882"]
[EventDate "2021.08.09"]

1. d4 d5 2. c4 c6 3. Nf3 Nf6 4. Nc3 e6 5. e3 Be7 6. Bd3 O-O 7. O-O dxc4 8. Bxc4
b5 9. Bd3 a6 10. Qe2 Bb7 11. Rd1 Qc7 12. e4 c5 13. e5 Nd5 14. Nxd5 Bxd5 15. dxc5
Qxc5 16. Ng5 h6 17. Ne4 Qc6 18. Qg4 Kh8 19. Nc3 Ra7 20. Nxd5 Qxd5 21. Qh5 f5 22.
Bxh6 Kg8 23. Bf4 Rd7 24. Bc2 Qc4 25. Bb3 Rxd1+ 26. Rxd1 Qc6 27. Qg6 Qe8 28.
Qxe6+ Kh8 29. Rd3 g5 30. Qh6# 1-0

[Event "21st ch-EUR Indiv w 2021"]
[Site "Iasi ROU"]
[Date "2021.08.10"]
[Round "2.39"]
[White "Trippold, Denise"]
[Black "Hoang, Thanh Trang"]
[Result "1/2-1/2"]
[WhiteTitle "WFM"]
[BlackTitle "GM"]
[WhiteElo "2098"]
[BlackElo "2404"]
[WhiteFideId "1625594"]
[BlackFideId "12400149"]
[EventDate "2021.08.09"]

1. d4 e6 2. Nf3 f5 3. g3 Nf6 4. Bg2 d5 5. O-O Bd6 6. c4 c6 7. Nc3 O-O 8. Qc2 Qe7
9. Bg5 h6 10. Bf4 Bxf4 11. gxf4 Ne4 12. Ne5 Kh7 13. Nxe4 dxe4 14. f3 exf3 15.
Bxf3 Nd7 16. e3 g5 17. Kh1 c5 18. Rad1 gxf4 19. exf4 cxd4 20. Nxd7 Bxd7 21. Rxd4
Rad8 22. Rfd1 Bc6 23. Bxc6 Rxd4 24. Rxd4 bxc6 25. Qd1 Rf7 26. b3 Rg7 27. Qf3 Qf6
28. Rd1 c5 29. Qf2 Qf7 30. Rd3 Qb7+ 31. Qf3 Qb4 32. Qd1 Qb7+ 33. Qf3 Qc7 34. h3
Qf7 35. Rd2 Qg6 36. Qe3 a5 37. Kh2 h5 38. Qf2 e5 39. fxe5 f4 40. e6 f3 41. Rd7
Qf5 42. Rxg7+ Kxg7 43. Kg3 h4+ 44. Kxh4 Qf4+ 45. Kh5 Qf5+ 46. Kh4 Qf4+ 47. Kh5
Kf6 48. Qxc5 Kxe6 49. Qb6+ Kf7 50. Qa7+ Kf6 51. Qb6+ Kf5 52. Qc5+ Qe5 53. Qc8+
Kf6+ 54. Kg4 Qd4+ 55. Kxf3 Qd3+ 1/2-1/2

[Event "21st ch-EUR Indiv w 2021"]
[Site "Iasi ROU"]
[Date "2021.08.10"]
[Round "2.40"]
[White "Chernyak, Viktoria"]
[Black "Sankova, Stella"]
[Result "1-0"]
[WhiteTitle "WGM"]
[BlackTitle "WFM"]
[WhiteElo "2319"]
[BlackElo "2100"]
[WhiteFideId "24165956"]
[BlackFideId "14944200"]
[EventDate "2021.08.09"]

1. c4 e5 2. Nc3 Nf6 3. g3 Bb4 4. e4 O-O 5. Nge2 Re8 6. Bg2 a5 7. O-O Nc6 8. d3
d6 9. h3 Bc5 10. Kh2 Nd4 11. f4 c6 12. f5 b5 13. cxb5 Nxb5 14. Na4 Bd4 15. Bd2
Bb7 16. Rc1 Nd7 17. b3 f6 18. h4 Nb6 19. g4 c5 20. Ng3 Bc6 21. Nxb6 Qxb6 22. g5
Ra7 23. Nh5 Qd8 24. Rf3 Kh8 25. Rg3 Rg8 26. a4 Nc7 27. Qg4 Ne8 28. Bf3 Bd7 29.
g6 Bc8 30. gxh7 Kxh7 31. Qg6+ Kh8 32. Nf4 Rf8 33. Qh5+ Kg8 34. Ng6 Nc7 35. Nxf8
Qxf8 36. Bh6 Ne8 37. Rc2 Ba6 38. Bd1 Qf7 39. Rcg2 Qf8 40. Bd2 Bc8 41. b4 d5 42.
Bb3 Bb7 43. exd5 Qf7 44. d6 1-0

[Event "21st ch-EUR Indiv w 2021"]
[Site "Iasi ROU"]
[Date "2021.08.10"]
[Round "2.41"]
[White "Mkrtchyan, Mariam"]
[Black "Agrest, Inna"]
[Result "1-0"]
[WhiteTitle "WFM"]
[BlackTitle "WIM"]
[WhiteElo "2093"]
[BlackElo "2281"]
[WhiteFideId "13310828"]
[BlackFideId "1708830"]
[EventDate "2021.08.09"]

1. d4 Nf6 2. Nf3 g6 3. g3 Bg7 4. Bg2 O-O 5. c4 d6 6. Nc3 Nbd7 7. O-O a6 8. e4 e5
9. Qc2 exd4 10. Nxd4 Re8 11. Rd1 c6 12. h3 Qe7 13. Be3 Nc5 14. Re1 Be6 15. b3
Rac8 16. Rad1 Rcd8 17. f4 Bc8 18. Bf2 Qc7 19. b4 Ne6 20. Nb3 h5 21. Na4 Qb8 22.
Bb6 Rd7 23. Be3 h4 24. f5 Nf8 25. g4 gxf5 26. exf5 Rde7 27. Bf2 b5 28. Rxe7 Rxe7
29. Nb6 Bb7 30. g5 bxc4 31. Nxc4 d5 32. gxf6 Bxf6 33. Nca5 Qf4 34. Nxb7 Be5 35.
N7a5 f6 36. Nxc6 Qh2+ 37. Kf1 Rg7 38. Bg1 Qf4+ 39. Qf2 Qc4+ 40. Qe2 Qf4+ 41. Qf3
Qc4+ 42. Qd3 Qf4+ 43. Bf2 1-0

[Event "21st ch-EUR Indiv w 2021"]
[Site "Iasi ROU"]
[Date "2021.08.10"]
[Round "2.42"]
[White "Sedina, Elena"]
[Black "Allahverdiyeva, Ayan"]
[Result "0-1"]
[WhiteTitle "IM"]
[BlackTitle "WFM"]
[WhiteElo "2279"]
[BlackElo "2095"]
[WhiteFideId "812153"]
[BlackFideId "13412590"]
[EventDate "2021.08.09"]

1. e4 c5 2. Nf3 e6 3. c3 Nf6 4. e5 Nd5 5. Bc4 d6 6. d4 cxd4 7. cxd4 Nc6 8. O-O
Be7 9. Qe2 O-O 10. Rd1 Na5 11. Bd3 Nb4 12. Nc3 Nxd3 13. Rxd3 b6 14. b4 Nc4 15.
Ne1 dxe5 16. dxe5 Qc7 17. Bf4 Bxb4 18. Qg4 f5 19. Qg3 Ba6 20. Rb1 Ba5 21. Rc1
Rac8 22. h4 Nb2 23. Rf3 Bb7 24. Ne2 Qd7 25. Rb3 Rxc1 26. Nxc1 Na4 27. Rd3 Qc7
28. Nf3 Nc5 29. Rd1 Ne4 30. Qh3 Nxf2 31. Kxf2 Qc2+ 32. Rd2 Qxc1 33. Rd7 Qxf4 34.
Rxb7 Rc8 35. Ke2 Rc2+ 0-1

[Event "21st ch-EUR Indiv w 2021"]
[Site "Iasi ROU"]
[Date "2021.08.10"]
[Round "2.43"]
[White "Sandu, Mihaela"]
[Black "Nilssen, Ellen Fredericia"]
[Result "0-1"]
[WhiteTitle "WGM"]
[BlackTitle "WFM"]
[WhiteElo "2263"]
[BlackElo "2081"]
[WhiteFideId "1204327"]
[BlackFideId "1441230"]
[EventDate "2021.08.09"]

1. e4 c5 2. Nf3 d6 3. d4 cxd4 4. Nxd4 Nf6 5. Nc3 a6 6. Be2 e5 7. Nb3 Be7 8. O-O
O-O 9. Be3 Be6 10. Qd2 Nbd7 11. a4 Nb6 12. a5 Nc4 13. Bxc4 Bxc4 14. Rfd1 Rc8 15.
f3 Qe8 16. Bg5 h6 17. Bxf6 Bxf6 18. Nc1 Bg5 19. Qe1 Qc6 20. Kh1 f5 21. Nd3 Be6
22. exf5 Bxf5 23. Nb4 Qc4 24. Ncd5 Bxc2 25. Nxc2 Qxc2 26. h4 Bd8 27. Rac1 Qf5
28. Ne3 Qe6 29. Rxc8 Qxc8 30. Rxd6 Qc7 31. Rd5 e4 32. Rf5 exf3 33. gxf3 Re8 34.
Qg1 Bxh4 35. Ng4 Re1 0-1

[Event "21st ch-EUR Indiv w 2021"]
[Site "Iasi ROU"]
[Date "2021.08.10"]
[Round "2.44"]
[White "Navrotescu, Andreea"]
[Black "Schloffer, Jasmin-Denise"]
[Result "0-1"]
[WhiteTitle "WIM"]
[BlackTitle "WFM"]
[WhiteElo "2249"]
[BlackElo "2070"]
[WhiteFideId "675946"]
[BlackFideId "1631209"]
[EventDate "2021.08.09"]

1. Nf3 Nf6 2. c4 e6 3. g3 d5 4. Bg2 c5 5. O-O d4 6. d3 Nc6 7. e3 Bd6 8. exd4
cxd4 9. Na3 O-O 10. Nc2 e5 11. a3 a5 12. Rb1 Re8 13. b4 h6 14. Re1 Qc7 15. c5
Bf8 16. Nd2 Bg4 17. f3 Bf5 18. Ne4 Nd5 19. Bd2 axb4 20. axb4 Be6 21. b5 Nb8 22.
b6 Qd7 23. f4 exf4 24. Nxd4 Bg4 25. Qb3 Na6 26. Rbc1 Ndb4 27. Rc4 Nxc5 28. Qxb4
Nxe4 29. Qb2 Nxd2 30. Rxe8 Nxc4 31. Rxf8+ Rxf8 32. dxc4 Rd8 33. Bd5 Qe7 34. gxf4
Ra8 35. Kg2 Qh4 36. Bxb7 Qh3+ 37. Kf2 Qxh2+ 38. Bg2 Qxf4+ 39. Kg1 Qe3+ 40. Kh2
Re8 41. Nc2 Qf4+ 42. Kh1 Bf3 0-1

[Event "21st ch-EUR Indiv w 2021"]
[Site "Iasi ROU"]
[Date "2021.08.10"]
[Round "2.45"]
[White "Ciolacu, Alessia-Mihaela"]
[Black "Hercog, Nusa"]
[Result "1/2-1/2"]
[WhiteTitle "WFM"]
[BlackTitle "WFM"]
[WhiteElo "2241"]
[BlackElo "2000"]
[WhiteFideId "1252640"]
[BlackFideId "14614324"]
[EventDate "2021.08.09"]

1. d4 d5 2. c4 e6 3. Nc3 c6 4. e3 Nf6 5. b3 Nbd7 6. Bd3 Bd6 7. Nf3 O-O 8. O-O
Re8 9. Qc2 e5 10. cxd5 cxd5 11. Nb5 Bb8 12. dxe5 Nxe5 13. Nxe5 Bxe5 14. Bb2 Bxb2
15. Qxb2 a6 16. Nd4 Ne4 17. Rac1 Qd6 18. Rfd1 Bd7 19. Bxe4 Rxe4 20. Ne2 Rh4 21.
Ng3 f5 22. Rd4 Rh6 23. h3 Be6 24. Qd2 Rd8 25. Ne2 Bf7 26. Nf4 Qe5 27. Qa5 Rhd6
28. Qc7 b5 29. Rc5 Qf6 30. Qb7 R6d7 31. Rc7 Rxc7 32. Qxc7 h6 33. Nd3 Rd6 34. f4
Rc6 35. Qb8+ Kh7 36. Ne5 Rc1+ 37. Kh2 Bg8 38. Qe8 Rc2 39. a4 bxa4 40. Rxa4 Rb2
41. Nd7 Qc3 42. Nf8+ Kh8 43. Ng6+ Kh7 44. Rd4 Qe1 45. Nf8+ Kh8 46. Ng6+ Kh7 47.
Nf8+ Kh8 48. Qh5 Qxe3 49. Ng6+ Kh7 50. Nf8+ Kh8 51. Ng6+ 1/2-1/2

[Event "21st ch-EUR Indiv w 2021"]
[Site "Iasi ROU"]
[Date "2021.08.10"]
[Round "2.46"]
[White "Tarasenka, Aliaksandra"]
[Black "Gevorgyan, Maria"]
[Result "0-1"]
[WhiteTitle "WFM"]
[BlackTitle "WGM"]
[WhiteElo "2061"]
[BlackElo "2232"]
[WhiteFideId "13514288"]
[BlackFideId "13300270"]
[EventDate "2021.08.09"]

1. d4 d5 2. c4 dxc4 3. Nf3 Nf6 4. e3 e6 5. Bxc4 c5 6. Qe2 a6 7. dxc5 Bxc5 8. O-O
b5 9. Bd3 Nc6 10. Rd1 Qc7 11. a4 b4 12. b3 e5 13. Nbd2 Nd5 14. Ne4 Be7 15. Bc4
Nb6 16. Bb2 Nxc4 17. Qxc4 Be6 18. Qc2 f6 19. Nc5 Bf7 20. Rac1 O-O 21. Qe4 Rfd8
22. Rxd8+ Rxd8 23. h3 Rd5 24. Nd3 Qd7 25. Nde1 Na5 26. Bxe5 Qe6 27. Nd4 Qxe5 28.
Rc8+ Bf8 29. Qc2 Rc5 30. Rxc5 Qxc5 0-1

[Event "21st ch-EUR Indiv w 2021"]
[Site "Iasi ROU"]
[Date "2021.08.10"]
[Round "2.47"]
[White "Gajcin, Marina"]
[Black "Von Herman, Brigitte"]
[Result "1/2-1/2"]
[WhiteTitle "WIM"]
[BlackTitle "WFM"]
[WhiteElo "2219"]
[BlackElo "1991"]
[WhiteFideId "949086"]
[BlackFideId "4628730"]
[EventDate "2021.08.09"]

1. e4 e5 2. Nf3 Nc6 3. Bc4 Nf6 4. d3 Bc5 5. c3 a6 6. Nbd2 d6 7. Bb3 Ba7 8. Nf1
Ne7 9. Ng3 Ng6 10. O-O O-O 11. h3 h6 12. Be3 Be6 13. Bxa7 Rxa7 14. d4 Bxb3 15.
Qxb3 c6 16. Rad1 Qc7 17. Rd2 Raa8 18. Rfd1 Nf4 19. dxe5 dxe5 20. c4 g6 21. Rd6
Qe7 22. c5 Rac8 23. Nh4 N6d5 24. exd5 Qxh4 25. dxc6 bxc6 26. Qf3 Ne6 27. Qe3 Qf4
28. Ne4 Kg7 29. Qxf4 exf4 30. b3 Rc7 31. Kf1 Rb8 32. Ke2 a5 33. Rd7 Rbb7 34.
Rxc7 Rxc7 35. Nd6 Kf8 36. Rc1 Ke7 37. Nc4 Ra7 38. Ne5 Rc7 39. Rc4 g5 40. Ra4
Nxc5 41. Rxa5 Ne6 1/2-1/2

[Event "21st ch-EUR Indiv w 2021"]
[Site "Iasi ROU"]
[Date "2021.08.10"]
[Round "2.48"]
[White "Verbin, Valentina"]
[Black "Urh, Zala"]
[Result "0-1"]
[BlackTitle "WIM"]
[WhiteElo "2012"]
[BlackElo "2216"]
[WhiteFideId "13905910"]
[BlackFideId "14611481"]
[EventDate "2021.08.09"]

1. e4 e5 2. Nf3 Nc6 3. Bb5 a6 4. Ba4 Nf6 5. O-O b5 6. Bb3 Bc5 7. c3 d6 8. d4 Bb6
9. a4 Rb8 10. a5 Ba7 11. Be3 Ra8 12. Nbd2 O-O 13. h3 h6 14. Re1 Re8 15. Nf1 Bb7
16. Ng3 exd4 17. cxd4 Ne7 18. Qd2 Nxe4 19. Nxe4 Bxe4 20. Bxh6 Bxf3 21. Qg5 Bxd4
22. gxf3 Bf6 23. Qh5 d5 24. Be3 Qd6 25. Kh1 g6 26. Rg1 Bg7 27. Qg5 c5 28. Rad1
c4 29. Bc2 d4 30. Be4 Qe6 31. Kg2 dxe3 32. Bxa8 e2 33. Rde1 Rxa8 34. Qd2 Nd5 35.
f4 Re8 0-1

[Event "21st ch-EUR Indiv w 2021"]
[Site "Iasi ROU"]
[Date "2021.08.10"]
[Round "2.49"]
[White "Bashylina, Luisa"]
[Black "Semenova, Elena1"]
[Result "0-1"]
[WhiteTitle "WCM"]
[BlackTitle "WIM"]
[WhiteElo "1992"]
[BlackElo "2212"]
[WhiteFideId "12983292"]
[BlackFideId "24125148"]
[EventDate "2021.08.09"]

1. d4 d5 2. c4 e6 3. Nc3 Nf6 4. cxd5 exd5 5. Bg5 Be7 6. e3 c6 7. Bd3 Nbd7 8. Qc2
Nh5 9. Bxe7 Qxe7 10. O-O-O Nb6 11. h3 g6 12. g4 Ng7 13. Nf3 Be6 14. Kb1 O-O-O
15. Na4 Kb8 16. Rc1 Ne8 17. Nc5 Nd6 18. b3 Rc8 19. a4 Nd7 20. Kb2 Qf6 21. Nxd7+
Bxd7 22. Ne5 Be8 23. f4 Qe7 24. Rhe1 f6 25. Nf3 Bd7 26. Nd2 h5 27. g5 Bxh3 28.
gxf6 Qxf6 29. Bxg6 c5 30. Qd3 c4 31. Qb1 Rhg8 32. Rg1 Bg4 33. Bh7 Rge8 34. Rc3
cxb3 35. Rxc8+ Rxc8 36. Kxb3 Nc4 37. Nxc4 Rxc4 38. Qg6 Qe7 39. Qg8+ Rc8 40. Qg6
Qxe3+ 0-1